000 00402nam a22001337a 4500
003 OSt
082 _a630
_bGOI/RE
245 _aReport of the national commission on agriculture 1976:
_bpart 13 rural employment and special area programmes
260 _aNew Delhi
_bMinistry of Agriculture and Irrigation
_c1976
300 _aix,19p
546 _aEnglish
650 _arural employment
942 _2ddc
_cBK
999 _c161231
_d161231